[Event "FIDE Disabilities Olym"]
[Site "Belgrade"]
[Date "2023.02.01"]
[Round "?"]
[White "Valenta, Vit"]
[Black "Sarkar, Bappi"]
[Result "1/2-1/2"]
[WhiteElo "2022"]
[BlackElo "1778"]
[PlyCount "83"]
[EventDate "2023.01.30"]
[EventType "team-swiss"]
[EventRounds "6"]
[EventCountry "SRB"]
[SourceTitle "CBM 212 Extra"]
[Source "ChessBase"]
[SourceDate "2023.03.31"]
[SourceVersion "1"]
[SourceVersionDate "2023.03.31"]
[SourceQuality "1"]
[WhiteTeam "Czech Republic"]
[BlackTeam "Bangladesh"]
[WhiteTeamCountry "CZE"]
[BlackTeamCountry "BAN"]

1. e4 c6 2. d4 d5 3. Nc3 dxe4 4. Nxe4 Bf5 5. Ng3 Bg6 6. Nf3 Nd7 7. Bc4 Ngf6 8. 0-0 e6 9. Re1 Be7 10. c3 0-0 11. Bg5 Nd5 12. Bxe7 Nxe7 13. Nh4 Nf6 14. Qe2 Qc7 15. Bb3 Rad8 16. Rad1 Qf4 17. Nxg6 Nxg6 18. Bc2 Rfe8 19. h3 e5 20. Ne4 Nxe4 21. Qxe4 Qxe4 22. Rxe4 exd4 23. Rdxd4 Kf8 24. Kf1 Rxd4 25. Rxd4 Ke7 26. Rb4 b6 27. Ra4 a5 28. b4 axb4 29. cxb4 Kd6 30. Ra6 Rb8 31. Ra7 Ne7 32. Bb3 f6 33. Ke2 g5 34. g3 h6 35. Kd3 b5 36. f4 Rc8 37. fxg5 fxg5 38. Bd1 Rc7 39. Ra8 Rc8 40. Ra7 Rc7 41. Ra8 Rc8 42. Ra7 1/2-1/2

[Event "BAN Games 9th"]
[Site "Dhaka"]
[Date "2021.04.07"]
[Round "4.1"]
[White "Islam, Khandaker Aminul"]
[Black "Sarkar, Bappi"]
[Result "1-0"]
[WhiteElo "2210"]
[BlackElo "1817"]
[PlyCount "67"]
[EventDate "2021.04.04"]
[EventType "team-swiss"]
[EventRounds "5"]
[EventCountry "BAN"]
[SourceTitle "CBM 202 Extra"]
[Source "ChessBase"]
[SourceDate "2021.07.31"]
[SourceVersion "1"]
[SourceVersionDate "2021.07.31"]
[SourceQuality "1"]
[WhiteTeam "Bangladesh Navy"]
[BlackTeam "Rajshahi Division"]
[WhiteTeamCountry "BAN"]
[BlackTeamCountry "BAN"]

1. d4 Nf6 2. Nf3 e6 3. Bf4 d5 4. e3 c5 5. c3 Nc6 6. Nbd2 Be7 7. h3 Bd7 8. dxc5 Bxc5 9. Bd3 Qe7 10. e4 e5 11. Bg5 Be6 12. Qa4 0-0 13. 0-0 a6 14. exd5 Bxd5 15. Rae1 Qd6 16. Bb1 h6 17. Bh4 Rfe8 18. Qc2 g6 19. b4 Ba7 20. Rd1 Qe6 21. Rfe1 Rac8 22. Qb2 b5 23. Bxf6 Qxf6 24. Ne4 Bxe4 25. Bxe4 Rcd8 26. Qb3 Ne7 27. Rxd8 Rxd8 28. a4 Kg7 29. a5 Qf4 30. Qa2 f5 31. Qe6 Kf8 32. Qf6+ Ke8 33. Bc6+ Nxc6 34. Qxc6+ 1-0

[Event "BAN Games 9th"]
[Site "Dhaka"]
[Date "2021.04.06"]
[Round "3.1"]
[White "Sarkar, Bappi"]
[Black "Tutul, Dhar"]
[Result "1-0"]
[WhiteElo "1817"]
[BlackElo "1826"]
[PlyCount "102"]
[EventDate "2021.04.04"]
[EventType "team-swiss"]
[EventRounds "5"]
[EventCountry "BAN"]
[SourceTitle "CBM 202 Extra"]
[Source "ChessBase"]
[SourceDate "2021.07.31"]
[SourceVersion "1"]
[SourceVersionDate "2021.07.31"]
[SourceQuality "1"]
[WhiteTeam "Rajshahi Division"]
[BlackTeam "Sylhet Division"]
[WhiteTeamCountry "BAN"]
[BlackTeamCountry "BAN"]

1. e4 e5 2. Nf3 Nc6 3. Bb5 Nf6 4. 0-0 Nxe4 5. Re1 Nd6 6. Nxe5 Be7 7. Ba4 Nxe5 8. Rxe5 0-0 9. c3 Bf6 10. Re1 Re8 11. d4 b5 12. Bc2 Bb7 13. Bf4 Nc4 14. b3 Rxe1+ 15. Qxe1 Nb6 16. Nd2 d6 17. Qe2 Qd7 18. Ne4 Nd5 19. Bd2 b4 20. Qf3 Rb8 21. Qh5 Qe7 22. Re1 g6 23. Qh3 bxc3 24. Ng5 Bxg5 25. Rxe7 cxd2 26. Rxf7 d1Q+ 27. Bxd1 Kxf7 28. Qxh7+ Kf6 29. h4 Bd2 30. g4 Re8 31. g5+ Bxg5 32. hxg5+ Kxg5 33. Bf3 Re1+ 34. Kh2 Nf6 35. Qh3 Bxf3 36. Qxf3 Re4 37. Qc3 Re2 38. Kg1 Rxf2 39. Qa5+ Rf5 40. Qxc7 d5 41. Qxa7 Kf4 42. Qe7 Ne4 43. b4 Kf3 44. b5 Rg5+ 45. Kf1 Rh5 46. Qa3+ Kf4 47. b6 Nd2+ 48. Ke2 Nc4 49. Qf3+ Kg5 50. Qxd5+ Kf4 51. Qxc4 Rh2+ 1-0

[Event "Online Olym Disabilities"]
[Site "Tornelo INT"]
[Date "2020.11.25"]
[Round "5.15"]
[White "Abiad Parra, Victor"]
[Black "Sarkar, Bappi"]
[Result "0-1"]
[WhiteElo "1860"]
[BlackElo "1808"]
[PlyCount "116"]
[EventDate "2020.11.21"]
[EventType "team-swiss (rapid)"]
[EventRounds "7"]
[EventCountry "NET"]
[SourceTitle "CBM 199 Extra"]
[Source "ChessBase"]
[SourceDate "2021.01.31"]
[SourceVersion "1"]
[SourceVersionDate "2021.01.31"]
[SourceQuality "1"]
[WhiteTeam "Venezuela"]
[BlackTeam "Bangladesh"]
[WhiteTeamCountry "VEN"]
[BlackTeamCountry "BAN"]

1. e4 c5 2. Nf3 Nc6 3. d4 cxd4 4. Nxd4 e5 5. Nb5 d6 6. c4 a6 7. N5c3 Be6 8. Nd5 Bxd5 9. cxd5 Nd4 10. Bd3 Nf6 11. 0-0 Be7 12. Be3 Nb5 13. Nd2 Nc7 14. Rc1 Rc8 15. Qe2 0-0 16. Rc3 Qd7 17. h3 Na8 18. Rfc1 Rxc3 19. Rxc3 Rc8 20. Qd1 Rxc3 21. bxc3 Qc8 22. Qb3 Nd7 23. Nc4 Qc7 24. a4 b6 25. Na3 Qb7 26. Nc2 Nc5 27. Bxc5 dxc5 28. Ne3 g6 29. Bc4 Bd6 30. Be2 Nc7 31. Nc4 Bf8 32. Qxb6 Qxb6 33. Nxb6 Kg7 34. Nc8 Ne8 35. Bxa6 Nd6 36. Nxd6 Bxd6 37. Kf1 Kf6 38. Ke2 Ke7 39. Bb5 Bc7 40. Kd3 f6 41. Kc4 Kd6 42. Bc6 Ba5 43. f3 h6 44. g3 g5 45. g4 Kc7 46. Kxc5 Bxc3 47. d6+ Kd8 48. Kd5 Bd4 49. Ke6 Bc5 50. a5 Bb4 51. a6 Bc5 52. Kxf6 Bd4 53. Kg6 Kc8 54. Kxh6 Be3 55. Kg6 Kb8 56. Kf5 Bc5 57. Kxe5 Ka7 58. Kd5 Bb4 0-1

[Event "Asian-ch IBCA Visually Challenged"]
[Site "Udupi"]
[Date "2017.03.31"]
[Round "8.6"]
[White "Waghmare, Sachin Lahu"]
[Black "Sarkar, Bappi"]
[Result "0-1"]
[WhiteElo "1600"]
[BlackElo "1809"]
[PlyCount "86"]
[EventDate "2017.03.23"]
[EventType "swiss"]
[EventRounds "8"]
[EventCountry "IND"]
[SourceTitle "EXT 2024"]
[Source "ChessBase"]
[SourceDate "2023.10.10"]
[SourceVersion "1"]
[SourceVersionDate "2023.10.10"]
[SourceQuality "1"]

1. e4 e6 2. d4 g6 3. Nf3 Bg7 4. e5 Ne7 5. Bg5 d6 6. Bd3 0-0 7. c3 Nbc6 8. exd6 cxd6 9. 0-0 Qc7 10. Re1 b6 11. Qd2 Re8 12. Bb5 a6 13. Ba4 b5 14. Bc2 Bb7 15. Bh6 Na5 16. Bxg7 Kxg7 17. Na3 Nd5 18. Rac1 Nb6 19. Be4 Nac4 20. Nxc4 Nxc4 21. Qc2 Nb6 22. Bxb7 Qxb7 23. Ng5 Qe7 24. Ne4 Nd7 25. Re3 Rac8 26. Qe2 d5 27. Nd2 Nf6 28. h3 Qd6 29. Qf3 b4 30. c4 dxc4 31. Rxc4 Rxc4 32. Nxc4 Qxd4 33. Qc6 Re7 34. Qxa6 Ra7 35. Qb5 Rxa2 36. Qxb4 Ra1+ 37. Kh2 Qf4+ 38. Rg3 Qxf2 39. Rf3 Qg1+ 40. Kg3 Nh5+ 41. Kh4 Qd4+ 42. g4 Qd8+ 43. g5 Qd4+ 0-1